[Event "Martinez op-A"]
[Site "Cannes"]
[Date "2000.07.31"]
[Round "3"]
[White "Gras, Guillaume"]
[Black "Khalil, Vincent"]
[Result "1/2-1/2"]
[WhiteElo "2132"]
[BlackElo "2042"]
[PlyCount "48"]
[EventDate "2000.07.29"]
[EventType "swiss"]
[EventRounds "9"]
[EventCountry "FRA"]
[SourceTitle "EXT 2001"]
[Source "ChessBase"]
[SourceDate "2000.11.22"]
[SourceVersion "1"]
[SourceVersionDate "2000.11.22"]
[SourceQuality "1"]

1. d4 d5 2. Nf3 Nf6 3. e3 c6 4. b3 a6 5. Bb2 Bf5 6. Nbd2 e6 7. Be2 Bd6 8. Ne5 Nbd7 9. 0-0 Ne4 10. f4 Nxd2 11. Qxd2 Nf6 12. Bd3 g6 13. Qe2 Bxd3 14. cxd3 h5 15. Kh1 Qe7 16. e4 0-0-0 17. Nxc6 bxc6 18. e5 Ng4 19. exd6 Qh4 20. h3 Qg3 21. hxg4 hxg4+ 22. Kg1 Qh4 23. Qc2 g3 24. Qxc6+ Kb8 1/2-1/2

[Event "Cannes op"]
[Site "Cannes"]
[Date "2000.02.21"]
[Round "2"]
[White "Soyer, Jean Yves"]
[Black "Khalil, Vincent"]
[Result "1-0"]
[WhiteElo "2159"]
[BlackElo "2072"]
[PlyCount "37"]
[EventDate "2000.02.20"]
[EventType "swiss"]
[EventRounds "9"]
[EventCountry "FRA"]
[SourceTitle "EXT 2001"]
[Source "ChessBase"]
[SourceDate "2000.11.22"]
[SourceVersion "1"]
[SourceVersionDate "2000.11.22"]
[SourceQuality "1"]

1. c4 c6 2. e4 d5 3. exd5 cxd5 4. d4 Nf6 5. Nc3 Nc6 6. Nf3 e6 7. cxd5 Nxd5 8. Bd3 Be7 9. 0-0 0-0 10. Re1 Kh8 11. a3 b6 12. Nxd5 exd5 13. Qc2 Qd6 14. Bb5 Bd7 15. Bxc6 Rac8 16. Qe2 Bg4 17. Ba4 Bf6 18. Be3 Rc4 19. Bb3 1-0